000 00319cam a2200133ua 4500
041 _aeng
_h
082 _a891.54
_bFRA/AH
100 _aFrance, anathol .
245 _aAhankar /
_cFrance.
_hTextual Documents
260 _aIlhabad :
_bHams Prakashan ,
_c1961.
300 _a154 ; .
504 _a
999 _c11489
_d11489